| 000 | 00471nam a2200169 i 4500 | ||
|---|---|---|---|
| 001 | 97415 | ||
| 003 | ES-MaACL | ||
| 005 | 20240509063103.0 | ||
| 007 | t| | ||
| 008 | 050712s1923 fr ||||1| fre d | ||
| 100 | 1 |
_aMarcel, Gabriel, _d1889-1973 _9156691 |
|
| 245 | 1 | 2 |
_aL'iconoclaste _b: piece en quatre actes / _cGabriel Marcel. |
| 260 |
_aParis : _bDoutellean et Cia, _c1923. |
||
| 300 | _a47 p. | ||
| 852 |
_aES-MaACL _j1653-F-13 |
||
| 999 |
_c97415 _d97415 |
||